| 000 | 00690cam a22001817a 4500 | ||
|---|---|---|---|
| 008 | 180718b2000 xxu||||| |||| 00| 0 eng d | ||
| 082 | _aP11x54 Se36 | ||
| 100 | _aSeetharamu, A.S. | ||
| 245 |
_aStatus of elementary teachers of India _cby A.S. Seetharamu |
||
| 260 |
_aNew Delhi _bNational Institute of Educational Planning and Administration _c2000 |
||
| 300 | _a50p. | ||
| 440 | _aYear 2000 assessment: education for all | ||
| 650 | _aElementary school teachers - India | ||
| 700 | _aUnesco | ||
| 700 | _aIndian National Commission for Cooperation | ||
| 700 | _aIndia. Ministry of Human Resource Development | ||
| 700 | _aNational Institute of Educational Planning and Administration | ||
| 999 |
_c490376 _d490376 |
||